<?xml version="1.0" encoding="UTF-8"?>
<collection xmlns:xsi="http://www.w3.org/2001/XMLSchema-instance" xsi:schemaLocation="http://www.loc.gov/MARC21/slim http://www.loc.gov/standards/marcxml/schema/MARC21slim.xsd" xmlns="http://www.loc.gov/MARC21/slim">
 <record>
  <leader>00000cam a22000003i 4500</leader>
  <controlfield tag="001">UP-1685594773862196866</controlfield>
  <controlfield tag="003">Buklod</controlfield>
  <controlfield tag="005">20240214162528.0</controlfield>
  <controlfield tag="006">g||| |     ||   ||</controlfield>
  <controlfield tag="007">ta</controlfield>
  <controlfield tag="008">200814s2018    nyua    rb   |||1 u|eng d</controlfield>
  <datafield tag="020" ind1=" " ind2=" ">
   <subfield code="a">9781138188556 (pbk.)</subfield>
  </datafield>
  <datafield tag="035" ind1=" " ind2=" ">
   <subfield code="a">(iLib)UPBAG-00037630759</subfield>
  </datafield>
  <datafield tag="037" ind1=" " ind2=" ">
   <subfield code="a">BC-71714</subfield>
   <subfield code="b">Forefront Book Co., Inc.</subfield>
   <subfield code="c">Php4,265.00</subfield>
   <subfield code="n">Department of Communication faculty</subfield>
  </datafield>
  <datafield tag="040" ind1=" " ind2=" ">
   <subfield code="a">DLC</subfield>
   <subfield code="d">BAG</subfield>
   <subfield code="e">rda</subfield>
  </datafield>
  <datafield tag="041" ind1="0" ind2=" ">
   <subfield code="a">eng</subfield>
  </datafield>
  <datafield tag="090" ind1=" " ind2="0">
   <subfield code="a">PN 4749</subfield>
   <subfield code="b">D65 2018</subfield>
  </datafield>
  <datafield tag="245" ind1="0" ind2="0">
   <subfield code="a">Doing news framing analysis</subfield>
   <subfield code="b">empirical and theoretical perspectives</subfield>
   <subfield code="c">edited by Paul D'Angelo.</subfield>
  </datafield>
  <datafield tag="250" ind1=" " ind2=" ">
   <subfield code="a">Second edition.</subfield>
  </datafield>
  <datafield tag="264" ind1=" " ind2="1">
   <subfield code="a">New York, NY</subfield>
   <subfield code="b">Routledge</subfield>
   <subfield code="c">2018.</subfield>
  </datafield>
  <datafield tag="300" ind1=" " ind2=" ">
   <subfield code="a">xl, 369 pages</subfield>
   <subfield code="b">illustrations</subfield>
   <subfield code="c">24 cm</subfield>
  </datafield>
  <datafield tag="336" ind1=" " ind2=" ">
   <subfield code="a">text</subfield>
   <subfield code="2">rdacontent</subfield>
  </datafield>
  <datafield tag="337" ind1=" " ind2=" ">
   <subfield code="a">unmediated</subfield>
   <subfield code="2">rdamedia</subfield>
  </datafield>
  <datafield tag="338" ind1=" " ind2=" ">
   <subfield code="a">volume</subfield>
   <subfield code="2">rdacarrier</subfield>
  </datafield>
  <datafield tag="500" ind1=" " ind2=" ">
   <subfield code="a">Includes bibliographical references and index.</subfield>
  </datafield>
  <datafield tag="505" ind1="0" ind2=" ">
   <subfield code="a">1. Reconstructing frames from intertextual news discourse: a semantic network approach to news framing analysis / Christian Baden -- 2. Studying framing effects on political preferences: existing research and lingering questions / Ethan Busby, D. J. Flynn, and James N. Druckman -- 3. Changing the story: reflections on applied news framing analysis / Moira O'Neil and Nathaniel Kendall-Taylor -- 4. Down the rabbit hole: integrating emotions into news framing effects research / Sophie Lecheler -- 5. Defragmenting news framing research: reconciling generic and issue-specific frames / Michael Brüggemann and Paul D'Angelo -- 6. Driving the frame: how news values, news pegs, and story angles guide journalistic frame building / Jan Boesman and Baldwin Van Gorp -- 7. Framing in an interactive news environment / David Tewskbury and Julius Matthew Riles -- 8. Addressing theoretical and methodological challenges of doing news framing analysis in the contemporary media landscape / Porismita Borah -- 9. A methodological approach for integrative framing analysis of television news / Viorela Dan -- 10. Researching the framing of still and moving images across media platforms: challenges and opportunities / Carol B. Schwalbe, Susan Keith, and B. William Silcock -- 11. International frame building in mediated public diplomacy / Tamir Sheafer, Shaul R. Shenhav, and Eran Amsalem -- 12. Comparative news framing analysis: explaining and measuring patterns of frames in political news / Daniela V. Dimitrova -- 13. News framing and social protest: toward a comprehensive model / Michael P. Boyle and Douglas M. McLeod -- 14. Framing the social determinants of health: a combined frames approach / Lesa Hatley Major -- 15. How news frames prime non-whites as social problems / Travis L. Dixon, Erica Bauer, and Christopher Josey.</subfield>
  </datafield>
  <datafield tag="650" ind1=" " ind2="0">
   <subfield code="a">Journalism</subfield>
   <subfield code="x">Social aspects.</subfield>
  </datafield>
  <datafield tag="650" ind1=" " ind2="0">
   <subfield code="a">Journalism</subfield>
   <subfield code="x">Objectivity.</subfield>
  </datafield>
  <datafield tag="700" ind1="1" ind2=" ">
   <subfield code="a">D'Angelo, Paul</subfield>
   <subfield code="e">editor.</subfield>
  </datafield>
  <datafield tag="905" ind1=" " ind2=" ">
   <subfield code="a">Fo</subfield>
  </datafield>
  <datafield tag="852" ind1="0" ind2=" ">
   <subfield code="a">UPBAG</subfield>
   <subfield code="b">UPBAG-MAIN</subfield>
   <subfield code="h">PN 4749 D65 2018</subfield>
  </datafield>
  <datafield tag="942" ind1=" " ind2=" ">
   <subfield code="a">Book</subfield>
  </datafield>
 </record>
</collection>
